000 00573nam a22001935i 4500
001 54842
003 ES-MaACL
005 20230906163031.0
007 t|
008 960731s1898 sp ||||1| spa d
040 _aCAM
_bspa
_cCAM
100 1 _aGálvez y Mora, Joaquín.
_953730
245 1 0 _aNociones de historia de España /
_cpor Joaquín Gálvez y Mora.
250 _a1ª ed.
260 _aCiudad Real :
_bimprenta y librería de Ramón C. Rubisco,
_c1898.
300 _a226 p. ;
_c23 cm.
651 4 _aEspaña-
_xHistoria.
_98209
852 _aES-MaACL
_jT-1327-F-6
999 _c54842
_d54842